|
|
|
|
| LEADER |
01204nam a2200277 a 4500 |
| 001 |
335 |
| 003 |
BD-DhAAL |
| 008 |
100330r19791971enk b 001 0 eng d |
| 999 |
|
|
|c 7946
|d 7946
|
| 010 |
|
|
|a 76028645
|
| 020 |
|
|
|a 0140801707
|
| 040 |
|
|
|a DLC
|c DLC
|d DLC
|d BD-DhAAL
|
| 082 |
0 |
0 |
|a 301.4443
|2 17
|
| 245 |
1 |
0 |
|a Peasants and peasant societies :
|b selected readings /
|c edited by Teodor Shanin
|
| 260 |
|
|
|a Harmondsworth,
|b Penguin,
|c 1971 [reprinted 1979].
|
| 300 |
|
|
|a 448 pages ;
|c 18 cm.
|
| 490 |
0 |
|
|a Penguin modern sociology readings
|
| 504 |
|
|
|a Includes bibliographical references (pages 423-428.)
|
| 541 |
1 |
|
|a Donated By Akbar Ali Khan
|e 00000335, 38207
|
| 650 |
|
0 |
|a Peasants.
|9 47408
|
| 650 |
|
0 |
|a Sociology, Rural.
|9 47409
|
| 700 |
|
|
|a Shanin, Teodor,
|e editor
|9 47410
|
| 852 |
4 |
|
|a Ayesha Abed Library
|c General Stacks
|
| 942 |
|
|
|2 ddc
|c BK
|
| 952 |
|
|
|0 0
|1 0
|2 ddc
|4 0
|6 301_444300000000000_PEA
|7 0
|9 8961
|a BRACUL
|b BRACUL
|c GEN
|d 2010-04-04
|g 192.50
|l 2
|m 19
|o 301.4443 PEA
|p 3010000335
|r 2020-09-23
|s 2020-01-15
|t 1
|w 2010-04-04
|y BK
|
| 952 |
|
|
|0 0
|1 0
|2 ddc
|4 0
|6 301_444300000000000_PEA
|7 1
|9 70276
|a BRACUL
|b BRACUL
|c AAKC
|d 2022-03-27
|e Donated by Akbar Ali Khan
|l 0
|o 301.4443 PEA
|p 3010038207
|r 2022-03-27
|t 2
|w 2022-03-27
|y BK
|